000 01391nam a2200361 i 4500
003 OSt
005 20210210121831.0
008 200114s2019 ck a gr 000 0 spa d
020 _a9789588846514
040 _aCO-BoRNBP
_bspa
_erda
_cCO-BoRNBP
041 0 _aspa
082 _aC
_bVASC
100 1 _aVasco, Irene,
_d1952-
_eautora
_91975
245 1 3 _aLa joven maestra y la gran serpiente/
_ctexto de Irene Vasco ; ilustraciones de Juan Palomino
250 _aPrimera edición
264 1 _aBogotá :
_bJuventud,
_c2019
300 _a[32] páginas;
_cilustraciones a color:
_c26 cm.
336 _2rdacontent
_atexto
_btxt
337 _2rdamedia
_asin mediación
_bn
338 _2rdacarrier
_avolumen
_bnc
500 _aIncluye datos biográficos de la autora e ilustrador al final del texto
521 _aRecomendado para un público infantil mayor de 9 años
650 1 7 _aAutores colombianos
_2LEMB
_9134085
650 1 7 _aCuentos infantiles colombianos
_ySiglo XX
_9388
650 1 7 _aLiteratura infantil colombiana
_ySiglo XX
_9389
650 1 7 _aComunidad y escuela
_vCuentos
_2LEMB
_9134086
650 1 7 _aEscuela
_vCuentos
_2LEMB
_9134087
650 1 7 _aLibros y lectura
_vCuentos
_2LEMB
_9134088
650 1 7 _aRelacion maestro-estudiante
_vCuentos
_2LEMB
_9134089
650 1 7 _aSelva - amazonas (Colombia)
_vCuentos
_2LEMB
_9134090
700 1 _aPalomino, Juan
_986110
942 _2ddc
_cBKLIT
999 _c13118
_d13118